| 000 | 00465cam a22001694a 4500 | ||
|---|---|---|---|
| 005 | 20250901165417.0 | ||
| 008 | 051221s2006 nyu 000 0 eng | ||
| 010 | _a 2005285152 | ||
| 020 | _a9780553381573 | ||
| 020 | _a0553381571 | ||
| 050 | 0 | 0 |
_aLC2852.Y3 C6 2006 _bC6 2006 |
| 100 | 1 | _aConroy, Pat. | |
| 245 | 1 | 4 |
_aThe water is wide / _cPat Conroy. |
| 260 |
_aNew York, N.Y. : _bDial Press Trade Paperbacks, _c2006. |
||
| 300 |
_a294 p. ; _c23 cm. |
||
| 942 | _2ddc | ||
| 999 |
_c3525 _d3525 |
||